000 00361nam a2200145Ia 4500
008 240624s9999 xx 000 0 und d
041 _aeng
082 _a300.1519536 VOG
100 _aVOGT W PAUL
245 _aCORRELATION AND REGRESSION ANALYSIS
260 _c2012
_aLondon
_bSage
300 _axlix, : 364 : p. : cm. ; 23
365 _cGBP
_b38
440 _v4
999 _c24301
_d24301